[Event "European Senior Team Championship 2021"]
[Site "Don Giovanni hotel, Vinohradska 2733, Prague, Czech Republic"]
[Date "2021.08.31"]
[Round "2"]
[Board "3"]
[White "Kierzek, Mira"]
[Black "Becvar, Miroslav"]
[Result "1-0"]
[WhiteElo "2003"]
[BlackElo "1863"]
[PlyCount "0"]
[EventDate "2021.08.30"]
[EventType "team"]
[EventRounds "9"]
[EventCountry "ECX"]
[WhiteTeam "GERMANY 1 WOMEN"]
[BlackTeam "SK PLZEN"]

1. Nf3 {[%clk 1:30:54]} e6 {[%clk 1:30:54]} 2. c4 {[%clk 1:30:32]} Nf6
{[%clk 1:31:16]} 3. Nc3 {[%clk 1:30:17]} d5 {[%clk 1:31:41]} 4. e3
{[%clk 1:30:06]} c6 {[%clk 1:30:55]} 5. Be2 {[%clk 1:27:35]} Be7 {[%clk 1:26:11]}
6. O-O {[%clk 1:27:33]} O-O {[%clk 1:26:37]} 7. b3 {[%clk 1:26:18]} Nbd7
{[%clk 1:26:19]} 8. d4 {[%clk 1:25:23]} b6 {[%clk 1:22:03]} 9. Bb2
{[%clk 1:24:40]} Bb7 {[%clk 1:22:16]} 10. Rc1 {[%clk 1:20:07]} Rc8
{[%clk 1:20:50]} 11. Bd3 {[%clk 1:12:53]} c5 {[%clk 1:17:56]} 12. Qe2
{[%clk 1:01:23]} Bd6 {[%clk 1:08:55]} 13. Rfd1 {[%clk 0:55:10]} cxd4
{[%clk 1:02:48]} 14. exd4 {[%clk 0:54:53]} Re8 {[%clk 0:54:54]} 15. Ne5
{[%clk 0:51:42]} Nf8 {[%clk 0:52:56]} 16. f4 {[%clk 0:40:03]} Ng6
{[%clk 0:52:33]} 17. g3 {[%clk 0:39:55]} Bb4 {[%clk 0:43:51]} 18. Na4
{[%clk 0:17:11]} Qe7 {[%clk 0:39:37]} 19. c5 {[%clk 0:14:26]} bxc5
{[%clk 0:35:04]} 20. a3 {[%clk 0:11:14]} c4 {[%clk 0:34:32]} 21. Bxg6
{[%clk 0:11:24]} Bxa3 {[%clk 0:34:37]} 22. Bxf7+ {[%clk 0:11:32]} Kh8
{[%clk 0:34:48]} 23. Bxe8 {[%clk 0:09:16]} Bxb2 {[%clk 0:35:16]} 24. Qxb2
{[%clk 0:08:52]} Nxe8 {[%clk 0:32:57]} 25. Nc5 {[%clk 0:08:42]} Ba8
{[%clk 0:32:04]} 26. Re1 Nd6 {[%clk 0:29:59]} 27. bxc4 {[%clk 0:06:11]} dxc4
{[%clk 0:30:22]} 28. Nxc4 {[%clk 0:04:53]} Nf5 {[%clk 0:22:33]} 29. Rxe6
{[%clk 0:04:17]} Qc7 {[%clk 0:23:00]} 30. Rce1 {[%clk 0:03:31]} h6
{[%clk 0:22:54]} 31. Re8+ {[%clk 0:03:50]} Kh7 {[%clk 0:23:18]} 32. Rxc8
{[%clk 0:03:59]} Qxc8 {[%clk 0:23:47]} 33. Qc2 {[%clk 0:03:50]} g6
{[%clk 0:24:02]} 34. Qd3 {[%clk 0:04:00]} Qc6 {[%clk 0:23:34]} 35. Ne4
{[%clk 0:04:04]} Qa6 {[%clk 0:23:53]} 36. Ne5 {[%clk 0:04:17]} Qa2
{[%clk 0:23:20]} 37. d5 {[%clk 0:04:20]} Bxd5 {[%clk 0:23:37]} 38. Qxd5
{[%clk 0:04:33]}  1-0

[Event "European Senior Team Championship 2021"]
[Site "Don Giovanni hotel, Vinohradska 2733, Prague, Czech Republic"]
[Date "2021.08.31"]
[Round "2"]
[Board "4"]
[White "Danek, Vaclav"]
[Black "Wagner-Michel, Annett"]
[Result "0-1"]
[WhiteElo "1832"]
[BlackElo "2011"]
[PlyCount "0"]
[EventDate "2021.08.30"]
[EventType "team"]
[EventRounds "9"]
[EventCountry "ECX"]
[WhiteTeam "SK PLZEN"]
[BlackTeam "GERMANY 1 WOMEN"]

1. e4 {[%clk 1:30:17]} c5 {[%clk 1:30:53]} 2. Nc3 {[%clk 1:30:45]} Nc6
{[%clk 1:31:07]} 3. g3 {[%clk 1:31:09]} g6 {[%clk 1:31:30]} 4. Bg2
{[%clk 1:31:30]} Bg7 {[%clk 1:31:54]} 5. Nge2 {[%clk 1:31:53]} d6
{[%clk 1:32:03]} 6. O-O {[%clk 1:32:13]} Nf6 {[%clk 1:31:59]} 7. d3
{[%clk 1:32:32]} Bd7 {[%clk 1:30:11]} 8. h3 {[%clk 1:32:50]} h5 {[%clk 1:29:38]}
9. Be3 {[%clk 1:33:06]} a6 {[%clk 1:27:39]} 10. d4 {[%clk 1:32:47]} cxd4 11. Nxd4
{[%clk 1:33:14]} Ne5 {[%clk 1:22:38]} 12. b3 {[%clk 1:32:45]} Qc8
{[%clk 1:22:27]} 13. f4 {[%clk 1:32:22]} Qxc3 {[%clk 1:21:58]} 14. Qe2
{[%clk 1:32:28]} Neg4 {[%clk 1:16:20]} 15. hxg4 {[%clk 1:31:57]} Nxg4  0-1

[Event "European Senior Team Championship 2021"]
[Site "Don Giovanni hotel, Vinohradska 2733, Prague, Czech Republic"]
[Date "2021.08.31"]
[Round "2"]
[Board "1"]
[White "Sedlak, Ludek"]
[Black "Afek, Yochanan"]
[Result "0-1"]
[WhiteElo "1879"]
[BlackElo "2202"]
[PlyCount "0"]
[EventDate "2021.08.30"]
[EventType "team"]
[EventRounds "9"]
[EventCountry "ECX"]
[WhiteTeam "CAISSA ROZTOKY"]
[BlackTeam "ISRAEL 2"]

1. e4 {[%clk 1:30:54]} c5 {[%clk 1:30:26]} 2. Nf3 {[%clk 1:31:05]} Nc6
{[%clk 1:30:31]} 3. d4 {[%clk 1:30:42]} cxd4 {[%clk 1:30:55]} 4. Nxd4
{[%clk 1:30:49]} g6 {[%clk 1:30:48]} 5. Nc3 {[%clk 1:30:39]} Bg7 {[%clk 1:31:11]}
6. Be3 {[%clk 1:30:54]} Nf6 {[%clk 1:31:34]} 7. Bc4 {[%clk 1:24:45]} O-O
{[%clk 1:31:40]} 8. f3 {[%clk 1:24:56]} Qb6 {[%clk 1:30:41]} 9. Qd2
{[%clk 1:22:04]} Nxe4 {[%clk 1:27:34]} 10. Nxe4 {[%clk 1:15:16]} Bxd4
{[%clk 1:25:56]} 11. Bxd4 {[%clk 1:10:16]} Qxd4 {[%clk 1:25:58]} 12. Qxd4
{[%clk 1:09:43]} Nxd4 {[%clk 1:26:22]} 13. O-O-O {[%clk 1:10:01]} Nc6
{[%clk 1:25:32]} 14. h4 {[%clk 1:02:02]} d6 {[%clk 1:18:45]} 15. h5
{[%clk 1:01:18]} Bf5 {[%clk 1:16:40]} 16. hxg6 {[%clk 0:58:07]} Bxg6
{[%clk 1:11:28]} 17. Rh4 {[%clk 0:55:49]} Rac8 {[%clk 1:10:42]} 18. Bb3
{[%clk 0:55:03]} Na5 {[%clk 1:08:30]} 19. c3 {[%clk 0:51:42]} Nxb3+
{[%clk 1:08:40]} 20. axb3 {[%clk 0:52:08]} Rfd8 {[%clk 1:07:35]} 21. Ng5
{[%clk 0:50:44]} Rc5 {[%clk 1:06:08]} 22. Nxh7 {[%clk 0:49:36]} Kg7
{[%clk 1:06:20]} 23. b4 {[%clk 0:47:54]} Re5 {[%clk 1:04:59]} 24. f4
{[%clk 0:45:22]} Re2 {[%clk 1:05:23]} 25. Rdh1 {[%clk 0:45:34]} Rxg2
{[%clk 1:02:16]} 26. Ng5 {[%clk 0:45:22]} Rc2+ {[%clk 0:54:08]} 27. Kd1
{[%clk 0:37:10]} Rxb2 {[%clk 0:53:54]} 28. R4h2 {[%clk 0:37:12]} Rxh2
{[%clk 0:52:03]} 29. Rxh2 {[%clk 0:37:34]} Rc8 {[%clk 0:52:17]} 30. Kd2
{[%clk 0:37:32]} Rc4 {[%clk 0:47:56]} 31. Rf2 {[%clk 0:37:37]} e6
{[%clk 0:47:43]} 32. Rf1 {[%clk 0:37:28]} Kf6 {[%clk 0:46:46]} 33. Nh3
{[%clk 0:37:13]} Bf5 {[%clk 0:45:19]} 34. Ng5 {[%clk 0:36:23]} e5
{[%clk 0:44:24]} 35. fxe5+ {[%clk 0:34:44]} Kxg5 {[%clk 0:44:22]} 36. exd6
{[%clk 0:35:06]} Rc6 {[%clk 0:44:45]}  0-1

[Event "European Senior Team Championship 2021"]
[Site "Don Giovanni hotel, Vinohradska 2733, Prague, Czech Republic"]
[Date "2021.08.31"]
[Round "2"]
[Board "3"]
[White "Halla, Jiri"]
[Black "Segal, Yosef"]
[Result "1/2-1/2"]
[WhiteElo "1759"]
[BlackElo "1814"]
[PlyCount "0"]
[EventDate "2021.08.30"]
[EventType "team"]
[EventRounds "9"]
[EventCountry "ECX"]
[WhiteTeam "CAISSA ROZTOKY"]
[BlackTeam "ISRAEL 2"]

1. b3 {[%clk 1:30:15]} Nf6 {[%clk 1:30:21]} 2. Bb2 {[%clk 1:30:38]} e6
{[%clk 1:30:36]} 3. f4 {[%clk 1:30:40]} d5 {[%clk 1:30:23]} 4. Nf3
{[%clk 1:30:54]} c5 {[%clk 1:30:21]} 5. e3 {[%clk 1:31:03]} a6 {[%clk 1:30:04]}
6. Be2 {[%clk 1:26:03]} Nc6 {[%clk 1:29:47]} 7. O-O {[%clk 1:26:11]} b6
{[%clk 1:23:41]} 8. Ne5 {[%clk 1:21:57]} Bb7 {[%clk 1:21:59]} 9. d3
{[%clk 1:07:53]} Bd6 {[%clk 1:16:18]} 10. Nd2 {[%clk 1:05:56]} O-O
{[%clk 1:13:34]} 11. Ndf3 {[%clk 1:04:02]} Nd7 {[%clk 1:09:24]} 12. c4
{[%clk 0:53:03]} f6 {[%clk 1:00:48]} 13. Nxc6 {[%clk 0:52:19]} Bxc6
{[%clk 1:01:03]} 14. d4 {[%clk 0:51:59]} Qe7 {[%clk 0:58:36]} 15. Qd2
{[%clk 0:50:37]} Rad8 {[%clk 0:58:25]} 16. Rad1 {[%clk 0:46:03]} Bb7
{[%clk 0:57:12]} 17. Bd3 {[%clk 0:46:00]} dxc4 {[%clk 0:50:12]} 18. bxc4
{[%clk 0:44:14]} f5 {[%clk 0:48:01]} 19. Bb1 {[%clk 0:37:53]} Nf6
{[%clk 0:45:59]} 20. Qe2 {[%clk 0:34:41]} Be4 {[%clk 0:43:48]} 21. Nd2
{[%clk 0:24:38]} Bxb1 {[%clk 0:31:51]} 22. Nxb1 {[%clk 0:22:18]} Qc7
{[%clk 0:31:00]} 23. g3 {[%clk 0:21:28]} Rc8 {[%clk 0:26:32]} 24. Rc1
{[%clk 0:19:21]} Qc6 {[%clk 0:25:32]} 25. Rfd1 {[%clk 0:16:43]} Rce8
{[%clk 0:22:06]} 26. Qg2  1/2-1/2

[Event "European Senior Team Championship 2021"]
[Site "Don Giovanni hotel, Vinohradska 2733, Prague, Czech Republic"]
[Date "2021.08.31"]
[Round "2"]
[Board "4"]
[White "Postolati, Alexander"]
[Black "Macoun, Jiri"]
[Result "1/2-1/2"]
[WhiteElo "1779"]
[BlackElo "1718"]
[PlyCount "0"]
[EventDate "2021.08.30"]
[EventType "team"]
[EventRounds "9"]
[EventCountry "ECX"]
[WhiteTeam "ISRAEL 2"]
[BlackTeam "CAISSA ROZTOKY"]

1. d4 {[%clk 1:30:13]} d5 {[%clk 1:25:19]} 2. Nf3 {[%clk 1:30:38]} e6
{[%clk 1:25:32]} 3. c4 {[%clk 1:31:01]} dxc4 {[%clk 1:24:57]} 4. e3
{[%clk 1:31:19]} b5 {[%clk 1:25:14]} 5. a4 {[%clk 1:31:27]} c6 {[%clk 1:25:33]}
6. b3 {[%clk 1:31:45]} Bb4+ {[%clk 1:23:40]} 7. Bd2 {[%clk 1:31:54]} Bxd2+
{[%clk 1:21:52]} 8. Qxd2 {[%clk 1:31:45]} cxb3 {[%clk 1:21:41]} 9. axb5
{[%clk 1:31:19]} cxb5 {[%clk 1:21:07]} 10. Bxb5+ {[%clk 1:31:11]} Bd7
{[%clk 1:21:30]} 11. Bxd7+ {[%clk 0:57:33]} Nxd7 {[%clk 1:21:31]} 12. O-O
{[%clk 0:57:45]} Ngf6 {[%clk 1:21:55]} 13. Ra3 {[%clk 0:57:37]} O-O
{[%clk 1:17:07]} 14. Rxb3 {[%clk 0:57:54]} Nb6 {[%clk 1:17:05]} 15. Qa2
{[%clk 0:56:33]} Qe7 {[%clk 1:15:15]} 16. Nbd2 {[%clk 0:53:29]} Rfc8
{[%clk 1:13:31]} 17. Ra1 {[%clk 0:50:56]} Qd8 {[%clk 1:13:26]} 18. Ne5
{[%clk 0:43:06]} Nfd5 {[%clk 1:10:32]} 19. Ne4 {[%clk 0:35:21]} Nc4
{[%clk 1:04:55]} 20. Nxc4 {[%clk 0:26:34]} Rxc4 {[%clk 1:02:19]} 21. Qe2
{[%clk 0:24:37]} Rc7 {[%clk 1:00:53]} 22. h3 {[%clk 0:23:38]} h6 {[%clk 0:58:48]}
23. Rba3 {[%clk 0:20:44]} Qe7 {[%clk 0:58:22]} 24. Kh2 {[%clk 0:11:40]}  1/2-1/2

[Event "European Senior Team Championship 2021"]
[Site "Don Giovanni hotel, Vinohradska 2733, Prague, Czech Republic"]
[Date "2021.08.31"]
[Round "2"]
[Board "1"]
[White "Nordstrom, Felix"]
[Black "Mozna, Eva"]
[Result "1-0"]
[WhiteElo "2083"]
[BlackElo "1905"]
[PlyCount "0"]
[EventDate "2021.08.30"]
[EventType "team"]
[EventRounds "9"]
[EventCountry "ECX"]
[WhiteTeam "SWEDEN 2"]
[BlackTeam "CZECH REPUBLIC WOMEN"]

1. d4 {[%clk 1:30:56]} d5 {[%clk 1:30:52]} 2. c4 {[%clk 1:31:14]} Nf6
{[%clk 1:30:39]} 3. cxd5 {[%clk 1:31:14]} Nxd5 {[%clk 1:30:58]} 4. Nf3
{[%clk 1:31:18]} g6 {[%clk 1:30:40]} 5. e4 {[%clk 1:29:44]} Nf6 {[%clk 1:29:45]}
6. Nc3 {[%clk 1:28:59]} Bg7 {[%clk 1:30:01]} 7. h3 {[%clk 1:26:49]} O-O
{[%clk 1:30:19]} 8. Be2 {[%clk 1:25:21]} h6 {[%clk 1:29:46]} 9. O-O
{[%clk 1:24:51]} c6 {[%clk 1:28:09]} 10. Be3 {[%clk 1:21:41]} e6 {[%clk 1:24:06]}
11. Qc2 {[%clk 1:19:21]} Nbd7 {[%clk 1:23:51]} 12. Rfd1 {[%clk 1:14:54]} Qe7
{[%clk 1:20:02]} 13. Rac1 {[%clk 1:08:18]} Rd8 {[%clk 1:14:54]} 14. a3
{[%clk 1:05:58]} Nf8 {[%clk 1:14:01]} 15. b4 {[%clk 0:59:58]} Bd7
{[%clk 1:12:48]} 16. Qb3 {[%clk 0:56:58]} Be8 {[%clk 1:07:27]} 17. e5
{[%clk 0:51:46]} Nd5 {[%clk 1:06:50]} 18. Ne4 {[%clk 0:51:43]} Nxe3
{[%clk 1:00:06]} 19. fxe3 {[%clk 0:51:00]} Nd7 {[%clk 1:00:12]} 20. Nd6
{[%clk 0:49:03]} Nb6 {[%clk 1:00:20]} 21. Nd2 {[%clk 0:46:55]} Nc8
{[%clk 0:43:44]} 22. N6c4 {[%clk 0:41:30]} Nb6 {[%clk 0:43:15]} 23. Nd6
{[%clk 0:40:22]} Nc8 {[%clk 0:43:42]} 24. N2e4 {[%clk 0:38:59]} Nxd6
{[%clk 0:42:32]} 25. Nxd6 {[%clk 0:38:39]} f6 26. exf6 {[%clk 0:32:44]} Bxf6
{[%clk 0:41:18]} 27. Nxe8 {[%clk 0:29:48]} Rxe8 {[%clk 0:41:17]} 28. b5
{[%clk 0:29:24]} cxb5 {[%clk 0:34:46]} 29. Bxb5 {[%clk 0:29:41]} Red8
{[%clk 0:34:41]} 30. Rc5 {[%clk 0:24:26]} Rac8 {[%clk 0:32:58]} 31. Rdc1
{[%clk 0:21:19]} Rxc5 {[%clk 0:33:13]} 32. Rxc5 {[%clk 0:21:04]} Rxd4
{[%clk 0:25:44]} 33. Rc8+ {[%clk 0:21:19]} Rd8 {[%clk 0:26:12]} 34. Rxd8+
{[%clk 0:21:22]} Qxd8 {[%clk 0:26:41]} 35. Qxe6+ {[%clk 0:21:14]} Kh8
{[%clk 0:18:26]} 36. Bc4 {[%clk 0:18:38]} Be7 {[%clk 0:18:36]} 37. Qxg6
{[%clk 0:09:54]} Qd1+ {[%clk 0:18:13]} 38. Kf2 {[%clk 0:06:00]} Qd2+
{[%clk 0:17:53]} 39. Kf3 {[%clk 0:05:12]} Qd1+ {[%clk 0:17:23]} 40. Kf2
{[%clk 0:02:58]} Qd2+ {[%clk 0:17:35]} 41. Kf3 {[%clk 0:03:01]} Qd1+
{[%clk 0:18:04]} 42. Ke4 {[%clk 0:25:26]} Qc2+ {[%clk 0:43:47]} 43. Bd3
{[%clk 0:25:49]} Qc6+ {[%clk 0:43:17]} 44. Qxc6 {[%clk 0:26:00]} bxc6
{[%clk 0:43:45]} 45. a4 {[%clk 0:26:03]} Kg7 {[%clk 0:43:42]} 46. Ke5
{[%clk 0:25:47]} Bc5 {[%clk 0:41:07]} 47. e4 {[%clk 0:25:31]} Kf7
{[%clk 0:41:07]} 48. Kf5 {[%clk 0:24:13]} Be3 {[%clk 0:41:05]} 49. g4
{[%clk 0:22:53]} c5 {[%clk 0:40:48]} 50. h4 {[%clk 0:21:00]} Bf2 {[%clk 0:34:25]}
51. g5 {[%clk 0:21:04]} hxg5 {[%clk 0:33:12]} 52. hxg5 {[%clk 0:21:00]} Bd4
{[%clk 0:32:29]} 53. g6+ {[%clk 0:15:50]} Ke7 {[%clk 0:27:07]} 54. e5
{[%clk 0:16:04]} a5 {[%clk 0:27:09]} 55. Ke4 {[%clk 0:15:50]} Kf8
{[%clk 0:24:52]} 56. Kd5 {[%clk 0:15:24]} Ke7 {[%clk 0:24:37]} 57. g7
{[%clk 0:07:20]} Kf7 {[%clk 0:24:55]} 58. e6+ {[%clk 0:07:37]} Kxg7
{[%clk 0:25:09]} 59. e7 {[%clk 0:07:17]} Kf7 {[%clk 0:24:40]} 60. Kd6
{[%clk 0:07:11]} Be5+ {[%clk 0:22:14]} 61. Kd7 {[%clk 0:06:10]}  1-0

[Event "European Senior Team Championship 2021"]
[Site "Don Giovanni hotel, Vinohradska 2733, Prague, Czech Republic"]
[Date "2021.08.31"]
[Round "2"]
[Board "2"]
[White "Modrova, Hana"]
[Black "Carlsten, Peter"]
[Result "0-1"]
[WhiteElo "1816"]
[BlackElo "1945"]
[PlyCount "0"]
[EventDate "2021.08.30"]
[EventType "team"]
[EventRounds "9"]
[EventCountry "ECX"]
[WhiteTeam "CZECH REPUBLIC WOMEN"]
[BlackTeam "SWEDEN 2"]

1. d4 {[%clk 1:30:54]} f5 {[%clk 1:30:35]} 2. g4 {[%clk 1:30:38]} fxg4
{[%clk 1:29:48]} 3. h3 {[%clk 1:30:47]} g3 {[%clk 1:29:48]} 4. fxg3
{[%clk 1:30:19]} d5 {[%clk 1:27:48]} 5. Nf3 {[%clk 1:23:20]} Nc6 {[%clk 1:27:12]}
6. Qd3 {[%clk 1:17:14]} g6 {[%clk 1:21:54]} 7. c3 {[%clk 1:02:27]} Nf6
{[%clk 1:18:55]} 8. Bf4 {[%clk 0:53:08]} Bg7 {[%clk 1:10:11]} 9. Nbd2
{[%clk 0:50:43]} Nh5 {[%clk 1:02:13]} 10. O-O-O {[%clk 0:46:39]} Nxf4
{[%clk 1:00:24]} 11. gxf4 {[%clk 0:46:55]} O-O {[%clk 1:00:32]} 12. e3
{[%clk 0:43:59]} Bf5 {[%clk 0:55:52]} 13. Qe2 {[%clk 0:42:53]} Qd7
{[%clk 0:55:22]} 14. Ne5 {[%clk 0:42:20]} Nxe5 {[%clk 0:55:12]} 15. fxe5
{[%clk 0:41:47]} Qa4 {[%clk 0:55:30]} 16. e4 {[%clk 0:38:39]} dxe4
{[%clk 0:55:38]} 17. Qc4+ {[%clk 0:31:17]} Qxc4 {[%clk 0:54:36]} 18. Nxc4
{[%clk 0:31:38]} Bh6+ {[%clk 0:53:30]} 19. Kc2 {[%clk 0:31:30]} b5
{[%clk 0:52:50]} 20. Na5 {[%clk 0:30:30]} e3+ {[%clk 0:51:25]} 21. Kb3
{[%clk 0:30:44]} Be4 {[%clk 0:50:35]} 22. Rh2 {[%clk 0:26:40]} Bf4
{[%clk 0:50:02]} 23. Re2 {[%clk 0:25:13]} Bf3 {[%clk 0:49:59]} 24. Nc6
{[%clk 0:18:29]} Bxc6 {[%clk 0:49:25]} 25. d5 {[%clk 0:18:52]} Rad8
{[%clk 0:49:11]} 26. Bg2 {[%clk 0:18:59]} e6 {[%clk 0:44:32]} 27. c4
{[%clk 0:10:52]} bxc4+ {[%clk 0:43:48]} 28. Kxc4 {[%clk 0:11:18]} exd5+
{[%clk 0:43:27]} 29. Kc5 {[%clk 0:10:12]} Ba8 {[%clk 0:43:25]} 30. Bxd5+
{[%clk 0:10:10]} Bxd5 {[%clk 0:43:46]} 31. Rxd5 {[%clk 0:10:32]} Rxd5+
{[%clk 0:44:13]} 32. Kxd5 {[%clk 0:10:55]} Rf5 {[%clk 0:44:30]}  0-1

[Event "European Senior Team Championship 2021"]
[Site "Don Giovanni hotel, Vinohradska 2733, Prague, Czech Republic"]
[Date "2021.08.31"]
[Round "2"]
[Board "3"]
[White "Dalling, Peter"]
[Black "Pribylova, Ruzena"]
[Result "1/2-1/2"]
[WhiteElo "1828"]
[BlackElo "1810"]
[PlyCount "0"]
[EventDate "2021.08.30"]
[EventType "team"]
[EventRounds "9"]
[EventCountry "ECX"]
[WhiteTeam "SWEDEN 2"]
[BlackTeam "CZECH REPUBLIC WOMEN"]

1. e4 {[%clk 1:31:00]} c5 {[%clk 1:30:39]} 2. Nf3 {[%clk 1:31:23]} d6
{[%clk 1:30:59]} 3. d4 {[%clk 1:31:48]} cxd4 {[%clk 1:31:23]} 4. c3
{[%clk 1:32:14]} Nf6 {[%clk 1:31:29]} 5. Bd3 {[%clk 1:32:37]} dxc3
{[%clk 1:30:10]} 6. Nxc3 {[%clk 1:32:59]} Nc6 {[%clk 1:30:15]} 7. h3
{[%clk 1:32:51]} e6 {[%clk 1:29:55]} 8. Qe2 {[%clk 1:32:59]} Be7 {[%clk 1:29:17]}
9. O-O {[%clk 1:30:34]} O-O {[%clk 1:28:52]} 10. Bc4 {[%clk 1:30:46]} Ne5
{[%clk 1:25:52]} 11. Bb3 {[%clk 1:30:20]} a6 {[%clk 1:23:29]} 12. Nd4
{[%clk 1:28:33]} Qc7 {[%clk 1:23:17]} 13. Be3 {[%clk 1:28:00]} b5
{[%clk 1:22:38]} 14. Rac1 {[%clk 1:26:49]} Qb7 {[%clk 1:19:32]} 15. f4
{[%clk 1:21:33]} Nc4 {[%clk 1:17:26]} 16. Bf2 {[%clk 1:17:35]} Bd7
{[%clk 1:10:35]} 17. Rfe1 {[%clk 1:08:55]} Rac8 {[%clk 1:08:59]} 18. e5
{[%clk 0:56:38]} dxe5 {[%clk 1:04:52]} 19. fxe5 {[%clk 0:56:46]} Nd5
{[%clk 1:04:36]} 20. Nxd5 {[%clk 0:56:20]} Qxd5 {[%clk 1:00:34]} 21. Rcd1
{[%clk 0:55:32]} Qb7 {[%clk 0:51:20]} 22. Bc2 {[%clk 0:49:14]} Rfd8
{[%clk 0:32:18]} 23. Be4 {[%clk 0:47:10]} Qc7 {[%clk 0:31:43]} 24. b3
{[%clk 0:43:40]} Nxe5 {[%clk 0:29:06]} 25. Bxh7+ {[%clk 0:43:05]} Kxh7
{[%clk 0:29:18]} 26. Qh5+ {[%clk 0:41:07]} Kg8 {[%clk 0:29:30]} 27. Rxe5
{[%clk 0:40:06]} Bf6 {[%clk 0:28:14]} 28. Ree1 {[%clk 0:39:18]} Be8
{[%clk 0:22:18]} 29. Qg4 {[%clk 0:35:43]} Rd5 {[%clk 0:20:51]} 30. Rc1
{[%clk 0:33:13]} Qd7 {[%clk 0:18:48]} 31. Nf3 {[%clk 0:29:52]} Rxc1
{[%clk 0:15:31]} 32. Rxc1 {[%clk 0:30:08]} Rd1+ {[%clk 0:15:43]} 33. Rxd1
{[%clk 0:30:30]} Qxd1+ {[%clk 0:15:59]} 34. Kh2 {[%clk 0:30:57]} Qe2
{[%clk 0:14:45]} 35. Bd4 {[%clk 0:30:10]} Bxd4 {[%clk 0:14:29]} 36. Qxd4
{[%clk 0:30:33]} Bc6 {[%clk 0:07:09]} 37. Qd8+ {[%clk 0:30:49]} Kh7
{[%clk 0:06:57]} 38. Qh4+ {[%clk 0:30:50]} Kg8 {[%clk 0:07:10]} 39. Qd8+
{[%clk 0:31:14]}  1/2-1/2

[Event "European Senior Team Championship 2021"]
[Site "Don Giovanni hotel, Vinohradska 2733, Prague, Czech Republic"]
[Date "2021.08.31"]
[Round "2"]
[Board "4"]
[White "Sunkova, Marie"]
[Black "Wihlborn, Bengt"]
[Result "1/2-1/2"]
[WhiteElo "1813"]
[BlackElo "1868"]
[PlyCount "0"]
[EventDate "2021.08.30"]
[EventType "team"]
[EventRounds "9"]
[EventCountry "ECX"]
[WhiteTeam "CZECH REPUBLIC WOMEN"]
[BlackTeam "SWEDEN 2"]

1. d4 {[%clk 1:30:54]} Nf6 {[%clk 1:30:46]} 2. c4 {[%clk 1:31:08]} e6
{[%clk 1:31:04]} 3. Nc3 {[%clk 1:31:10]} b6 {[%clk 1:31:17]} 4. Nf3
{[%clk 1:30:49]} Bb7 {[%clk 1:31:32]} 5. Bg5 {[%clk 1:28:33]} Bb4
{[%clk 1:31:18]} 6. e3 {[%clk 1:25:41]} O-O {[%clk 1:30:48]} 7. Bd3
{[%clk 1:25:04]} Bxc3+ 8. bxc3 {[%clk 1:25:22]} d6 {[%clk 1:27:41]} 9. O-O
{[%clk 1:23:57]} Nbd7 {[%clk 1:27:10]} 10. Re1 {[%clk 1:20:57]} Re8
{[%clk 1:24:31]} 11. Bc2 {[%clk 1:09:18]} e5 {[%clk 1:11:41]} 12. Rb1
{[%clk 0:52:41]} Rc8 {[%clk 1:06:43]} 13. Nd2 {[%clk 0:37:39]} c6
{[%clk 0:58:52]} 14. Ne4 {[%clk 0:34:35]} Qc7 {[%clk 0:54:59]} 15. Nxf6+
{[%clk 0:33:14]} Nxf6 {[%clk 0:55:21]} 16. Bxf6 {[%clk 0:33:38]} gxf6
{[%clk 0:55:43]} 17. Qg4+ {[%clk 0:30:56]} Kf8 {[%clk 0:55:53]} 18. Bxh7
{[%clk 0:26:56]} Ke7 {[%clk 0:55:49]} 19. Bf5 {[%clk 0:23:30]} Rcd8
{[%clk 0:53:59]} 20. Rbd1 {[%clk 0:22:33]} Rg8 {[%clk 0:53:03]} 21. Qf3
{[%clk 0:21:23]} Ba6 {[%clk 0:49:42]} 22. Bd3 {[%clk 0:17:45]} Bc8
{[%clk 0:49:23]} 23. Bf5 {[%clk 0:17:28]} Ba6 {[%clk 0:49:38]} 24. Bd3
{[%clk 0:16:56]} Bc8 {[%clk 0:49:50]}  1/2-1/2

[Event "European Senior Team Championship 2021"]
[Site "Don Giovanni hotel, Vinohradska 2733, Prague, Czech Republic"]
[Date "2021.08.31"]
[Round "2"]
[Board "1"]
[White "Jeute, Peter"]
[Black "Semakoff, Aleks"]
[Result "1/2-1/2"]
[WhiteElo "1866"]
[BlackElo "1996"]
[PlyCount "0"]
[EventDate "2021.08.30"]
[EventType "team"]
[EventRounds "9"]
[EventCountry "ECX"]
[WhiteTeam "DRESDENER SPRINGER"]
[BlackTeam "GOLDEN OLDIES"]

1. d4 {[%clk 1:30:55]} d5 {[%clk 1:30:52]} 2. Nf3 {[%clk 1:31:12]} Nf6
{[%clk 1:30:49]} 3. e3 {[%clk 1:31:34]} Bg4 {[%clk 1:30:25]} 4. Nbd2
{[%clk 1:31:42]} e6 {[%clk 1:28:33]} 5. h3 {[%clk 1:32:05]} Bh5 {[%clk 1:28:38]}
6. g4 {[%clk 1:32:28]} Bg6 {[%clk 1:28:42]} 7. Ne5 {[%clk 1:32:51]} Nfd7
{[%clk 1:23:18]} 8. Nxg6 hxg6 {[%clk 1:23:38]} 9. Bg2 {[%clk 1:32:03]} Be7
{[%clk 1:14:25]} 10. Qe2 {[%clk 1:30:40]} O-O {[%clk 1:04:13]} 11. e4
{[%clk 1:24:13]} Nc6 {[%clk 0:59:22]} 12. c3 dxe4 {[%clk 0:49:54]} 13. Nxe4
{[%clk 1:12:58]}  1/2-1/2

[Event "European Senior Team Championship 2021"]
[Site "Don Giovanni hotel, Vinohradska 2733, Prague, Czech Republic"]
[Date "2021.08.31"]
[Round "2"]
[Board "2"]
[White "Johnsen, Oystein"]
[Black "Mueckan, Friedbert"]
[Result "1/2-1/2"]
[WhiteElo "1958"]
[BlackElo "1883"]
[PlyCount "0"]
[EventDate "2021.08.30"]
[EventType "team"]
[EventRounds "9"]
[EventCountry "ECX"]
[WhiteTeam "GOLDEN OLDIES"]
[BlackTeam "DRESDENER SPRINGER"]

1. d4 {[%clk 1:28:49]} d5 {[%clk 1:30:34]} 2. Bf4 {[%clk 1:28:18]} Nf6
{[%clk 1:30:00]} 3. Nf3 {[%clk 1:28:15]} e6 {[%clk 1:29:44]} 4. e3
{[%clk 1:28:28]} Bd6 {[%clk 1:30:07]} 5. Bg3 {[%clk 1:28:51]} Bxg3
{[%clk 1:25:03]} 6. hxg3 {[%clk 1:29:12]} Qd6 {[%clk 1:25:26]} 7. Nbd2
{[%clk 1:27:30]} Nbd7 {[%clk 1:24:18]} 8. Bd3 {[%clk 1:23:08]} e5
{[%clk 1:18:31]} 9. dxe5 {[%clk 1:23:29]} Nxe5 {[%clk 1:18:49]} 10. Nxe5
{[%clk 1:20:38]} Qxe5 {[%clk 1:19:13]} 11. c3 {[%clk 1:20:52]} c6
{[%clk 1:14:22]} 12. Qc2 {[%clk 1:13:08]} h6 {[%clk 1:06:31]} 13. O-O-O
{[%clk 1:09:15]} Bd7 {[%clk 1:02:01]} 14. f4 {[%clk 1:05:18]} Qc7
{[%clk 1:00:41]} 15. e4 {[%clk 1:03:30]} O-O-O {[%clk 0:56:11]} 16. Rde1
{[%clk 0:55:42]} dxe4 {[%clk 0:46:23]} 17. Nxe4 {[%clk 0:44:14]} Nxe4
{[%clk 0:45:22]} 18. Bxe4 {[%clk 0:42:32]} Qa5 {[%clk 0:45:30]} 19. Kb1
{[%clk 0:38:58]}  1/2-1/2